Normal view
MARC view
- AL Eiadeh, Abdel Rahman Ahmed Qasem
Entry Personal Name
001 - CONTROL NUMBER
- control field: 3715
003 - CONTROL NUMBER IDENTIFIER
- control field: JO-AjAnu
005 - DATE AND TIME OF LATEST TRANSACTION
- control field: 20230606070918.0
008 - FIXED-LENGTH DATA ELEMENTS
- fixed length control field: 230606|| aca||aabn | a|a d
040 ## - CATALOGING SOURCE
- Original cataloging agency: JO-AjAnu
- Transcribing agency: JO-AjAnu
100 ## - HEADING--PERSONAL NAME
- Personal name: AL Eiadeh, Abdel Rahman Ahmed Qasem
670 ## - SOURCE DATA FOUND
- Source citation: Work cat.: (JO-AjAnu)1939: AL Eiadeh, Abdel Rahman Ahmed Qasem, author, Improving English Language Speaking Skills of Ajloun National University Students